000
002700000a22001090004500
090
_a
AS
_b
Seriadas
245
1
0
_a
Bromeliaceas notables de Colombia IV
041
0
_a
EspaƱol
100
1
_a
Smith, Lyman B.
_9
17956
942
_c
ARTICULO
773
1
_t
Caldasia
_h
21
_q
1-16
_d
1948
_g
5
999
_c
15631
_d
15631